• 首页
  • 本馆介绍
  • 公告通知
  • 最新文献
  • 馆藏检索
  • 电子资源
  • 读者导购
  • 参考咨询
  • 我的图书馆
  • 登录
  • 详细信息显示
  • 放入我的书架
  • 预约/预借图书
  • 作者相关作品
  • 分类相关作品
  • 丛书相关作品
  • 出版社相关作品

书目信息

  • 表格格式
  • 工作单格式
  • 卡片格式
题名:
学习《毛泽东著作选读》甲乙种本辅导材料
    
 
作者: ;中共丰南县委宣传部 编
分册:  
出版信息:    1966
页数: 266页
开本: 20cm
丛书名:
单 册:
中图分类: A841.1
科图分类:
主题词: 毛泽东著作--学习 , 毛泽东著作研究
电子资源:
ISBN:
000 00639nam0 2200181 450
001 0630053468
005 20060819105739.81
100    @a20060725d1966 km y0chiy0120 ea
101 0  @achi
200 1  @a学习《毛泽东著作选读》甲乙种本辅导材料@Axue xi《mao ze dong zhu zuo xuan du》jia yi zhong ben fu dao cai liao@f中共丰南县委宣传部编@Fzhong gong feng nan xian wei xuan chuan bu bian
210    @d1966
215    @a266页@d20cm
606 0  @a毛泽东著作@x学习
606 0  @a毛泽东著作研究
690    @aA841.1@v3
711  0 @a中共丰南县委宣传部@Azhong gong feng nan xian wei xuan chuan bu@4编
801  0 @aCN@bPFT@c20060819
905    @a10447@dA841.1@e83
    
    学习《毛泽东著作选读》甲乙种本辅导材料/中共丰南县委宣传部编.-1966
    266页;20cm
    
    
    ISBN :
    
●
相关链接 在E读中查询图书 在五车中查询图书 在当当中查询图书 在豆瓣中查询图书


正题名:学习《毛泽东著作选读》甲乙种本辅导材料     索取号:A841.1/83         预约/预借

序号 登录号 条形码 馆藏地/架位号 状态 备注
1 0426018   204260183   密集书库/ [索取号:A841.1/83] 在馆    
2 0426595   204265954   密集书库/ [索取号:A841.1/83] 在馆    
3 0469276   204692760   密集书库/ [索取号:A841.1/83] 在馆    
唐山师范学院图书馆 欢迎您!
大连网信软件有限公司© 版权所有